| 000 | 00499nam a22002057a 4500 | ||
|---|---|---|---|
| 003 | LK-CoDNM | ||
| 005 | 20241120131419.0 | ||
| 008 | 241119b |||||||| |||| 00| 0 eng d | ||
| 040 |
_aLK-CoDNM _dLK-CoDNM _eLK-CoDNM |
||
| 041 | _aeng | ||
| 080 |
_aPB _bE4.1 |
||
| 245 |
_aThe Buddhist 1951 January _bNo:9 |
||
| 250 | _aSila Pannanato Jayam | ||
| 260 | _c1951 | ||
| 300 | _a16p. : ill , 27 cm | ||
| 490 | _vVol xxi | ||
| 650 | _aPBE4.1 | ||
| 650 | _aThe Buddhist 1951 January | ||
| 942 | _cBK | ||
| 999 |
_c231318 _d231318 |
||